Представление документа в формате MARC21

Поле Инд. ПП Название Значение
Тип записи a
Библиографический уровень m
001 Контрольный номер RU/IS/BASE/435421100
005 Дата корректировки 20250606142856.8
008 Кодируемые данные 20131018
040 00 e Правила каталог. Л 961119
084 a Индекс другой классификации/Индекс ББК 82.3(2=411.2)-442.06; 84(2=411.2)
090 00 a Полочн. индекс 82.3(2=411.2)-442.06
x Авторский знак Р 893
097 00 a 240
245 00 a Заглавие Русские народные сказки
b Продолж. заглавия из сборника А. Н. Афанасьева
c Ответственность иллюстрации В. М. Васнецова
260 00 a Место издания Москва
b Издательство Инфопечать
c Дата издания 1993
300 00 a Объем 31 с.
336 a Термин вида содержания Текст
337 a Термин типа средства непосредственный
505 0_ a Форматированное содержание Сивко-Бурко
505 0_ a Форматированное содержание Кащей-Бессмертный
505 0_ a Форматированное содержание Царевна-лягушка
505 0_ a Форматированное содержание Хрустальная гора
505 0_ a Форматированное содержание Несмеяна-царевна
505 0_ a Форматированное содержание Баба-Яга
505 0_ a Форматированное содержание Сказка об Иване царевиче, жар-птице и о сером волке
650 04 a Основная рубрика филологические науки
a Основная рубрика фольклор
a Основная рубрика художественная литература
653 00 a Ключевые слова народные сказки
a Ключевые слова Россия
a Ключевые слова русская литература
a Ключевые слова сказки
700 10 a Автор Афанасьев А. Н.
e Роль лиц составитель
700 10 a Автор Васнецов В. М.
e Роль лиц художник
901 t Тип документа m
952 a Тип литературы для КСУ ВШ ЛХИ